Mastering mathematics / (Record no. 180152)
[ view plain ]
| 000 -LEADER | |
|---|---|
| fixed length control field | 00707 a2200193 4500 |
| 003 - CONTROL NUMBER IDENTIFIER | |
| control field | Nust |
| 005 - DATE AND TIME OF LATEST TRANSACTION | |
| control field | 20221104150100.0 |
| 010 ## - LIBRARY OF CONGRESS CONTROL NUMBER | |
| LC control number | 90046217 |
| 020 ## - INTERNATIONAL STANDARD BOOK NUMBER | |
| International Standard Book Number | 8187226528 |
| 040 ## - CATALOGING SOURCE | |
| Transcribing agency | Nust |
| 082 00 - DEWEY DECIMAL CLASSIFICATION NUMBER | |
| Classification number | 510,THO |
| 100 1# - MAIN ENTRY--PERSONAL NAME | |
| Personal name | Thomas,Hanry |
| 9 (RLIN) | 102390 |
| 245 10 - TITLE STATEMENT | |
| Title | Mastering mathematics / |
| Statement of responsibility, etc. | Henry Thomas |
| 260 ## - PUBLICATION, DISTRIBUTION, ETC. | |
| Place of publication, distribution, etc. | Delhi : |
| Name of publisher, distributor, etc. | Shbhi Pub. Co., |
| Date of publication, distribution, etc. | c2000. |
| 300 ## - PHYSICAL DESCRIPTION | |
| Extent | x, 348p. : |
| Other physical details | ill. ; |
| Dimensions | 23 cm. |
| 505 ## - FORMATTED CONTENTS NOTE | |
| Formatted contents note | Part I: The fundamentals of mathematics (Page-3), Part 2: The practical uses of Mathematics ,Mathematics for business,mathematics for the home (Page-183), Part 3.Mathematics for entertainment (Page-339). |
| 650 #0 - SUBJECT ADDED ENTRY--TOPICAL TERM | |
| Topical term or geographic name entry element | Mathematics |
| General subdivision | Mastering mathematics : |
| 9 (RLIN) | 102391 |
| 942 ## - ADDED ENTRY ELEMENTS (KOHA) | |
| Source of classification or shelving scheme | |
| Koha item type | Book |
| Call number prefix | 510,THO |
| Withdrawn status | Lost status | Source of classification or shelving scheme | Damaged status | Not for loan | Permanent Location | Current Location | Shelving location | Date acquired | Full call number | Barcode | Date last seen | Price effective from | Koha item type | Public note |
|---|---|---|---|---|---|---|---|---|---|---|---|---|---|---|
| Military College of Signals (MCS) | Military College of Signals (MCS) | General Stacks | 12/12/2016 | 510,THO | MCS28440 | 12/08/2016 | 12/12/2016 | Book | Almirah No.10, Shelf No.2 |
